| 000 | 00372pab a2200145 454500 | ||
|---|---|---|---|
| 008 | 180718b1990 xxu||||| |||| 00| 0 eng d | ||
| 100 | _aKhan, Arup | ||
| 245 |
_aMobilisation of household savings _bThe task ahead of NHB (National Housing Policy) |
||
| 260 | _c1990 | ||
| 300 | _a17-20,30 | ||
| 362 | _a16 Apr. | ||
| 650 | _aHousing | ||
| 773 | _aYojana | ||
| 909 | _a10121 | ||
| 999 |
_c10121 _d10121 |
||